000 00940nam a2200337Ia 4500
001 20598
005 20240114000523.0
007 ta
008 060224s1967 a g b000 u 465 u
020 _a0-07-099025-5
040 _aCotton College,Assam
041 _a465
082 _a531
_bSp 41 Th
100 _aSpiegel, Murray R..
245 0 _aTheory and Problems of Theoretical Mechanics /
_cMurray R.Spiegel.
_hTextual Documents
250 _a1st ed, SI metric ed /
260 _aNew York :
_bMcGraw - Hill book company ,
_cC1967& 1980.
300 _a367p. :
_bill ;
_c24cm .
440 _aSchaum`s Otline Seris,
490 _aSchaum`s Otline Seris,
500 _aIncluding 720 Solved Problems
653 _aMechanics-Theoretical
653 _aG-Physics
653 _aPG-Physics
942 _2ddc
_cBK
999 _c20580
_d20580